000
00349nam a2200157Ia 4500
008
210210b1944 xxu||||| |||| 00| 0 eng d
041
_a
eng
082
_a
320/626
100
_a
WILKIE (Wendell)
245
_a
One world
260
_a
_b
Not Mentioned
_c
1944
650
_a
world
650
_a
One
690
_a
Political Science
906
_a
003259
999
_c
118596
_d
118596